| 000 | 01027naa a2200241 4500 | ||
|---|---|---|---|
| 001 | 44758 | ||
| 003 | ES-MaCES | ||
| 005 | 20150929135608.0 | ||
| 008 | 000000s2013 sp ||||| t||||||| ||spa d | ||
| 040 |
_aES-MaCES _bspa _cES-MaCES |
||
| 100 | 1 |
_935004 _aGavilán Iglesias, Laura Patricia |
|
| 245 | 1 | 0 |
_aNatura 2000: la gran apuesta de la UE para la conservación de la biodiversidad, ¿frustrada por la crisis? _cLaura-Patricia Gavilán Iglesias |
| 650 | 4 |
_928754 _aconservación de la naturaleza |
|
| 650 | 4 |
_930785 _adesarrollo sostenible |
|
| 650 | 4 |
_929422 _apolítica ambiental |
|
| 650 | 4 |
_929423 _aprotección ambiental |
|
| 653 | 1 | 0 | _aMedio ambiente |
| 650 | 4 |
_928715 _amedio ambiente |
|
| 650 | 4 |
_926752 _aUE |
|
| 773 | 0 |
_981093 _dMadrid (Duque de Sesto, 40, 28009) FUHEM-CIP ; Barcelona (Ausiàs Marc, 16, 3º, 2ª, 08010) : Icaria D.L. 1990- _o084000 _tEcología política _w(ES-MaCES)25611 _gn. 46 (2013) {10606 R. 084000} ;p. 63-67 |
|
| 902 | _aART Artículo de revista | ||
| 942 |
_2CES _cAR _h4.2. |
||
| 999 |
_c44758 _d44758 |
||